<?xml version="1.0" encoding="UTF-8"?>
<collection xmlns="http://www.loc.gov/MARC21/slim">
 <record>
  <leader>01009nam a2200229 a 4500</leader>
  <controlfield tag="001">00024021</controlfield>
  <controlfield tag="008">111215s2008    bg a     b   f001 0 beno </controlfield>
  <datafield tag="020" ind1=" " ind2=" ">
   <subfield code="a">9843233409</subfield>
  </datafield>
  <datafield tag="040" ind1=" " ind2=" ">
   <subfield code="a">BD-DhAAL</subfield>
   <subfield code="c">BD-DhAAL</subfield>
  </datafield>
  <datafield tag="043" ind1=" " ind2=" ">
   <subfield code="a">a-bg---</subfield>
  </datafield>
  <datafield tag="082" ind1="0" ind2="0">
   <subfield code="a">891.440995492</subfield>
   <subfield code="2">22 </subfield>
  </datafield>
  <datafield tag="100" ind1="1" ind2=" ">
   <subfield code="a">মিয়া, মুহাম্মদ শাহজাহান</subfield>
  </datafield>
  <datafield tag="245" ind1="1" ind2="0">
   <subfield code="a">প্রবন্ধসমুচ্চয় /</subfield>
   <subfield code="c">মুহাম্মদ শাহজাহান মিয়া</subfield>
  </datafield>
  <datafield tag="260" ind1=" " ind2=" ">
   <subfield code="a">ঢাকা :</subfield>
   <subfield code="b">জ্যোতিপ্রকাশন,</subfield>
   <subfield code="c">২০০৮</subfield>
  </datafield>
  <datafield tag="300" ind1=" " ind2=" ">
   <subfield code="a">২৮১ পৃ.;</subfield>
   <subfield code="c">২২ সে.মি.</subfield>
  </datafield>
  <datafield tag="504" ind1=" " ind2=" ">
   <subfield code="a">Includes Bibliography and indexes. </subfield>
  </datafield>
  <datafield tag="546" ind1=" " ind2=" ">
   <subfield code="a">In Bengali.</subfield>
  </datafield>
  <datafield tag="541" ind1=" " ind2=" ">
   <subfield code="e">00024021</subfield>
  </datafield>
  <datafield tag="650" ind1=" " ind2="0">
   <subfield code="a">Bengali literature</subfield>
   <subfield code="z">Bangladesh</subfield>
   <subfield code="x">History and criticism.</subfield>
  </datafield>
  <datafield tag="852" ind1="1" ind2=" ">
   <subfield code="a">James P Grant School of Public Health </subfield>
   <subfield code="c">General Shelf.</subfield>
  </datafield>
  <datafield tag="999" ind1=" " ind2=" ">
   <subfield code="c">11612</subfield>
   <subfield code="d">11612</subfield>
  </datafield>
  <datafield tag="952" ind1=" " ind2=" ">
   <subfield code="0">0</subfield>
   <subfield code="1">0</subfield>
   <subfield code="2">ddc</subfield>
   <subfield code="4">0</subfield>
   <subfield code="6">891_440995492000000_MIA</subfield>
   <subfield code="7">0</subfield>
   <subfield code="9">18902</subfield>
   <subfield code="a">JPGSPH</subfield>
   <subfield code="b">JPGSPH</subfield>
   <subfield code="c">GEN</subfield>
   <subfield code="d">2011-12-18</subfield>
   <subfield code="l">0</subfield>
   <subfield code="o">891.440995492 MIA</subfield>
   <subfield code="p">3060024021</subfield>
   <subfield code="r">2011-12-18</subfield>
   <subfield code="t">1</subfield>
   <subfield code="w">2011-12-18</subfield>
   <subfield code="y">BK</subfield>
  </datafield>
 </record>
</collection>
